• 首页
  • 本馆介绍
  • 公告通知
  • 最新文献
  • 馆藏检索
  • 电子资源
  • 读者导购
  • 参考咨询
  • 我的图书馆
  • 登录
  • 详细信息显示
  • 放入我的书架
  • 预约/预借图书
  • 作者相关作品
  • 分类相关作品
  • 丛书相关作品
  • 出版社相关作品

书目信息

  • 表格格式
  • 工作单格式
  • 卡片格式
题名:
信息安全理论与实务
    
 
作者: 陈彦学 编著
分册:  
出版信息: 北京   中国铁道出版社  2001.04
页数: 252页
开本: 26cm
丛书名:
单 册:
中图分类: TP393.08
科图分类:
主题词: 计算机应用
电子资源:
ISBN: 7-113-04093-4
000 00582nam0 2200193 450
001 0833613596
005 20080620092130.08
010    @a7-113-04093-4@dCNY28.00
100    @a20080620d2001 km y0chiy0120 ea
101 0  @achi
102    @aCN@b110000
200 1  @a信息安全理论与实务@Axin xi an quan li lun yu shi wu@f陈彦学编著@Fchen yan xue bian zhu
210    @a北京@c中国铁道出版社@d2001.04
215    @a252页@d26cm
606 0  @a计算机应用
690    @aTP393.08@v4
701  0 @a陈彦学@Achen yan xue@4编著
801  0 @aCN@b山东省滨州职业学院图书馆@c20080620
905    @aBZT@dTP393.08@e1
    
    信息安全理论与实务/陈彦学编著.-北京:中国铁道出版社,2001.04
    252页;26cm
    
    
    ISBN 7-113-04093-4:CNY28.00
    
●
相关链接 在五车中查询图书 在当当中查询图书 在豆瓣中查询图书


正题名:信息安全理论与实务     索取号:TP393.08/1         预约/预借

序号 登录号 条形码 馆藏地/架位号 状态 备注
1 683360   2000683360   中心书库中库/ 中库026架B面7列7层16/ [索取号:TP393.08/1] 在馆    
2 683361   2000683361   中心书库中库/ 中库026架B面7列7层19/ [索取号:TP393.08/1] 在馆    
3 683362   2000683362   中心书库中库/ 中库026架B面7列7层23/ [索取号:TP393.08/1] 在馆    
4 683363   2000683363   中心书库中库/ 中库026架B面7列7层17/ [索取号:TP393.08/1] 在馆    
5 683364   2000683364   中心书库中库/ 中库026架B面7列7层18/ [索取号:TP393.08/1] 在馆    
6 683365   2000683365   中心书库中库/ 中库026架B面7列7层24/ [索取号:TP393.08/1] 在馆    
山东省滨州职业学院图书馆 欢迎您!
大连网信软件有限公司© 版权所有